[Event "Bruges Masters 2018"]
[Site "Brugge"]
[Date "2018.08.16"]
[Round "2"]
[White "Townsend, M Paul"]
[Black "Koziak, Vitali"]
[Result "1-0"]
[WhiteElo "2246"]
[BlackElo "2476"]
[Annotator "ChessBase"]
[PlyCount "111"]
[EventDate "2018.08.12"]
[EventType "swiss"]
[EventCountry "BEL"]
[SourceTitle "playchess.com"]
[Source "ChessBase"]
[SourceQuality "1"]
[TimeControl "5400+30"]

1. d4 {[%emt 0:00:00]} f5 {[%emt 0:00:01]} 2. g3 {[%emt 0:00:32]} Nf6 {[%emt 0:00:06]} 3. Bg2 {[%emt 0:00:04]} g6 {[%emt 0:00:07]} 4. Nf3 {[%emt 0:00:12]} Bg7 {[%emt 0:00:10]} 5. O-O {[%emt 0:00:10]} O-O {[%emt 0:00:05]} 6. b3 {[%emt 0:00:49]} d6 {[%emt 0:00:22]} 7. Bb2 {[%emt 0:00:16]} e6 {[%emt 0:07:08]} 8. c4 {[%emt 0:00:59]} Ne4 {[%emt 0:08:10]} 9. Nc3 {[%emt 0:11:23]} Nxc3 {[%emt 0:03:12]} 10. Bxc3 {[%emt 0:02:45]} Nc6 {[%emt 0:00:17]} 11. Rc1 {[%emt 0:04:03]} e5 {[%emt 0:17:33]} 12. dxe5 {[%emt 0:01:03]} dxe5 {[%emt 0:00:08]} 13. Qd5+ {[%emt 0:11:39]} Kh8 {[%emt 0:00:38]} 14. Qxd8 {[%emt 0:01:26]} Rxd8 {[%emt 0:00:07]} 15. Ng5 {[%emt 0:08:35]} Re8 {[%emt 0:00:14]} 16. Bxc6 {[%emt 0:08:08]} bxc6 {[%emt 0:02:33]} 17. Rfd1 {[%emt 0:00:29]} Kg8 {[%emt 0:04:24]} 18. Ba5 {[%emt 0:02:59]} h6 {[%emt 0:06:28]} 19. Nf3 {[%emt 0:01:41]} Re7 {[%emt 0:02:17]} 20. Rd8+ {[%emt 0:02:53]} Kf7 {[%emt 0:01:05]} 21. Rcd1 {[%emt 0:02:02]} g5 {[%emt 0:04:31]} 22. Ne1 {[%emt 0:16:20]} Bf6 {[%emt 0:01:10]} 23. Nc2 {[%emt 0:02:20]} f4 {[%emt 0:11:27]} 24. e4 {[%emt 0:12:42]} a6 {[%emt 0:16:46]} 25. f3 {[%emt 0:01:03]} g4 {[%emt 0:05:03]} 26. Ne1 {[%emt 0:01:13]} h5 {[%emt 0:02:57]} 27. Bb4 {[%emt 0:00:54]} Re6 {[%emt 0:00:40]} 28. Rf8+ {[%emt 0:00:14]} Kg7 {[%emt 0:00:30]} 29. fxg4 {[%emt 0:01:06]} hxg4 {[%emt 0:00:48]} 30. Ng2 {[%emt 0:00:13]} fxg3 {[%emt 0:01:39]} 31. hxg3 {[%emt 0:00:08]} Bg5 {[%emt 0:03:07]} 32. Rdf1 {[%emt 0:00:38]} Rf6 {[%emt 0:00:37]} 33. R1xf6 {[%emt 0:00:25]} Bxf6 {[%emt 0:00:05]} 34. Ne3 {[%emt 0:00:08]} Bb7 {[%emt 0:01:34]} 35. Rxa8 {[%emt 0:00:53]} Bxa8 {[%emt 0:00:03]} 36. c5 {[%emt 0:01:07]} Bb7 {[%emt 0:00:27]} 37. Bc3 {[%emt 0:02:53]} Bc8 {[%emt 0:00:35]} 38. Nc4 {[%emt 0:00:17]} Be6 {[%emt 0:00:08]} 39. Nxe5 {[%emt 0:00:46]} a5 {[%emt 0:01:33]} 40. Kf2 {[%emt 0:00:13]} Kg8 {[%emt 0:00:24]} 41. Ke3 {[%emt 0:00:15]} a4 {[%emt 0:00:39]} 42. bxa4 {[%emt 0:00:18]} Bxa2 {[%emt 0:00:08]} 43. a5 {[%emt 0:00:33]} Bxe5 {[%emt 0:00:21]} 44. Bxe5 {[%emt 0:00:06]} Bc4 {[%emt 0:00:04]} 45. Kf4 {[%emt 0:00:31]} Be2 {[%emt 0:00:09]} 46. Bxc7 {[%emt 0:00:25]} Kf7 {[%emt 0:00:08]} 47. Ke5 {[%emt 0:00:16]} Ke7 {[%emt 0:00:11]} 48. Bd6+ {[%emt 0:00:30]} Kf7 {[%emt 0:00:18]} 49. Kf4 {[%emt 0:00:43]} Ke6 {[%emt 0:00:05]} 50. Be5 {[%emt 0:00:20]} Kd7 {[%emt 0:02:27]} 51. Kf5 {[%emt 0:00:17]} Bd3 {[%emt 0:00:14]} 52. Bf6 {[%emt 0:00:27]} Kc7 {[%emt 0:00:55]} 53. Kxg4 {[%emt 0:04:19]} Bxe4 {[%emt 0:00:07]} 54. Kg5 {[%emt 0:00:23]} Bd3 {[%emt 0:00:39]} 55. Be5+ {[%emt 0:00:26]} Kb7 {[%emt 0:00:34]} 56. g4 {[%emt 0:00:21]} 1-0

[Event "Bruges Masters 2018"]
[Site "Brugge"]
[Date "2018.08.16"]
[Round "2"]
[White "Faure, Stephane"]
[Black "Shyaamnikhil P"]
[Result "0-1"]
[WhiteElo "2116"]
[BlackElo "2389"]
[Annotator "ChessBase"]
[PlyCount "52"]
[EventDate "2018.08.12"]
[EventType "swiss"]
[EventCountry "BEL"]
[SourceTitle "playchess.com"]
[Source "ChessBase"]
[SourceQuality "1"]
[TimeControl "5400+30"]

1. e4 {[%emt 0:00:00]} c5 {[%emt 0:00:20]} 2. Nf3 {[%emt 0:00:00]} d6 {[%emt 0:00:39]} 3. d4 {[%emt 0:00:00]} Nf6 {[%emt 0:00:07]} 4. Nc3 {[%emt 0:00:01]} cxd4 {[%emt 0:00:05]} 5. Nxd4 {[%emt 0:00:07]} a6 {[%emt 0:00:20]} 6. Be3 {[%emt 0:00:23]} e5 {[%emt 0:00:12]} 7. Nb3 {[%emt 0:00:06]} Be6 {[%emt 0:00:08]} 8. f3 {[%emt 0:00:30]} h5 {[%emt 0:00:30]} 9. Qd2 {[%emt 0:01:00]} Nbd7 {[%emt 0:00:09]} 10. O-O-O {[%emt 0:02:15]} Rc8 {[%emt 0:02:06]} 11. Kb1 {[%emt 0:00:49]} Nb6 {[%emt 0:03:51]} 12. Na5 {[%emt 0:04:20]} Qc7 {[%emt 0:00:53]} 13. h4 {[%emt 0:03:25]} d5 {[%emt 0:10:50]} 14. Bxb6 {[%emt 0:06:25]} Qxb6 {[%emt 0:01:02]} 15. Nxd5 {[%emt 0:04:53]} Bxd5 {[%emt 0:00:27]} 16. exd5 {[%emt 0:00:55]} Bb4 {[%emt 0:00:10]} 17. Qg5 {[%emt 0:02:30]} Bxa5 {[%emt 0:00:49]} 18. Qxe5+ {[%emt 0:00:29]} Kf8 {[%emt 0:00:08]} 19. Qf5 {[%emt 0:02:55]} Rc5 {[%emt 0:02:25]} 20. c4 {[%emt 0:01:20]} Bc3 {[%emt 0:00:35]} 21. Qc2 {[%emt 0:00:29]} Be5 {[%emt 0:00:10]} 22. Be2 {[%emt 0:04:37]} g6 {[%emt 0:02:36]} 23. g4 {[%emt 0:07:17]} hxg4 {[%emt 0:00:43]} 24. fxg4 {[%emt 0:00:09]} Ne4 {[%emt 0:02:15]} 25. Rh3 {[%emt 0:02:10]} Nd6 {[%emt 0:01:44]} 26. Re3 {[%emt 0:03:22]} Rxc4 {[%emt 0:01:27]} 0-1

[Event "Bruges Masters 2018"]
[Site "Brugge"]
[Date "2018.08.16"]
[Round "2"]
[White "Barzeele, Raf"]
[Black "Mehar, Chinna Reddy C H"]
[Result "0-1"]
[WhiteElo "2009"]
[BlackElo "2345"]
[Annotator "NA"]
[PlyCount "108"]
[EventDate "2018.08.12"]
[EventType "swiss"]
[EventCountry "BEL"]
[SourceTitle "playchess.com"]
[Source "ChessBase"]
[SourceQuality "1"]
[TimeControl "5400+30"]

1. c4 {[%emt 0:00:00]} c6 {[%emt 0:04:22]} 2. Nf3 {[%emt 0:00:00]} d5 {[%emt 0:00:06]} 3. g3 {[%emt 0:00:03]} Bg4 {[%emt 0:00:09]} 4. Ne5 {[%emt 0:00:31]} Be6 {[%emt 0:00:33]} 5. d4 {[%emt 0:06:22]} Nd7 {[%emt 0:02:20]} 6. Bg2 {[%emt 0:02:15]} Nxe5 {[%emt 0:02:39]} 7. dxe5 {[%emt 0:00:55]} dxc4 {[%emt 0:00:10]} 8. Qc2 {[%emt 0:01:27]} Qa5+ {[%emt 0:01:08]} 9. Nc3 {[%emt 0:02:19]} Qxe5 {[%emt 0:00:33]} 10. Bf4 {[%emt 0:00:31]} Qa5 {[%emt 0:01:43]} 11. O-O {[%emt 0:00:47]} Nf6 {[%emt 0:01:13]} 12. e4 {[%emt 0:00:51]} g6 {[%emt 0:00:58]} 13. Rfe1 {[%emt 0:13:06]} Bg7 {[%emt 0:01:11]} 14. Bd2 {[%emt 0:00:27]} Qc7 {[%emt 0:01:18]} 15. Ne2 {[%emt 0:00:33]} O-O {[%emt 0:01:12]} 16. Nf4 {[%emt 0:00:16]} Qc8 {[%emt 0:01:39]} 17. Rad1 {[%emt 0:06:50]} Bg4 {[%emt 0:01:45]} 18. f3 {[%emt 0:00:37]} e5 {[%emt 0:03:53]} 19. Nxg6 {[%emt 0:08:55]} hxg6 {[%emt 0:00:37]} 20. fxg4 {[%emt 0:00:11]} Nxg4 {[%emt 0:01:24]} 21. h3 {[%emt 0:07:23]} Nf6 {[%emt 0:00:04]} 22. Qxc4 {[%emt 0:00:12]} Qc7 {[%emt 0:00:17]} 23. Be3 {[%emt 0:01:49]} Rad8 {[%emt 0:01:34]} 24. Bf3 {[%emt 0:01:24]} Nh7 {[%emt 0:09:26]} 25. Kh2 {[%emt 0:04:40]} Bf6 {[%emt 0:00:40]} 26. h4 {[%emt 0:14:15]} Kg7 {[%emt 0:01:42]} 27. Qc1 {[%emt 0:00:33]} Rxd1 {[%emt 0:02:35]} 28. Rxd1 {[%emt 0:00:10]} Rd8 {[%emt 0:00:12]} 29. Rxd8 {[%emt 0:00:38]} Bxd8 {[%emt 0:01:15]} 30. Qd2 {[%emt 0:01:43]} Be7 {[%emt 0:00:27]} 31. Bg4 {[%emt 0:01:40]} Nf6 {[%emt 0:01:03]} 32. Bf3 {[%emt 0:00:32]} b6 {[%emt 0:00:09]} 33. Bg5 {[%emt 0:02:00]} Ne8 {[%emt 0:00:35]} 34. Be3 {[%emt 0:00:37]} Bc5 {[%emt 0:01:45]} 35. Bxc5 {[%emt 0:00:53]} bxc5 {[%emt 0:00:08]} 36. h5 {[%emt 0:01:30]} Qd6 {[%emt 0:00:41]} 37. Qe2 {[%emt 0:02:52]} Qd4 {[%emt 0:00:49]} 38. hxg6 {[%emt 0:00:23]} fxg6 {[%emt 0:00:13]} 39. b3 {[%emt 0:01:18]} Nd6 {[%emt 0:01:58]} 40. Qa6 {[%emt 0:02:58]} Qf2+ {[%emt 0:04:24]} 41. Bg2 {[%emt 0:00:10]} Nxe4 {[%emt 0:00:26]} 42. Qxc6 {[%emt 0:01:17]} Qxg3+ {[%emt 0:00:11]} 43. Kg1 {[%emt 0:00:08]} Qe3+ {[%emt 0:00:16]} 44. Kh2 {[%emt 0:00:14]} Qf4+ {[%emt 0:03:01]} 45. Kg1 {[%emt 0:00:47]} Ng3 {[%emt 0:02:29]} 46. Qb5 {[%emt 0:06:07]} e4 {[%emt 0:00:59]} 47. Qc4 {[%emt 0:00:46]} Qe5 {[%emt 0:00:22]} 48. Qa6 {[%emt 0:01:51]} e3 {[%emt 0:02:55]} 49. Qa5 {[%emt 0:00:39]} e2 {[%emt 0:01:01]} 50. Kf2 {[%emt 0:00:42]} Qd4+ {[%emt 0:00:46]} 51. Kf3 {[%emt 0:00:56]} Qd1 {[%emt 0:06:34]} 52. Qc7+ {[%emt 0:00:41]} Kf6 {[%emt 0:00:23]} 53. Qc6+ {[%emt 0:01:16]} Kg5 {[%emt 0:00:25]} 54. Qxc5+ {[%emt 0:02:01]} Nf5 {[%emt 0:00:21]} 0-1

[Event "Bruges Masters 2018"]
[Site "Brugge"]
[Date "2018.08.16"]
[Round "3"]
[White "Nikolov, Momchil"]
[Black "Verstraeten, Rein"]
[Result "1-0"]
[WhiteElo "2549"]
[BlackElo "2303"]
[Annotator "TA"]
[PlyCount "93"]
[EventDate "2018.08.12"]
[EventType "swiss"]
[EventCountry "BEL"]
[SourceTitle "playchess.com"]
[Source "ChessBase"]
[SourceQuality "1"]

{[%evp 15,93,46,50,32,41,35,44,37,45,37,82,49,41,39,42,30,21,14,16,-5,-5,-5,-6,-18,-30,-66,-58,-52,-12,-41,-45,-28,-34,-32,-33,-35,-30,-35,-29,-25,-26,-41,-21,-21,-21,-50,-43,-38,-43,-40,-6,-50,-25,-25,89,91,75,81,88,85,85,50,112,0,0,-19,2,10,26,23,27,8,22,24,15,18,1177,1016,29987,29988]} 1. d4 Nf6 2. c4 g6 3. Nc3 Bg7 4. e4 d6 5. f3 O-O 6. Be3 Nc6 7. Qd2 a6 8. Rc1 {E83: King's Indian: Sämisch Panno (6...Nc6): Lines without either Nge2 or Qd2} (8. Nge2 Na5 9. Nc1 Nd7 10. Nb3 c5 11. dxc5 Nxb3 12. axb3 Nxc5 13. Ra3 Be6 14. b4 Nd7 15. Be2 a5 16. Nd5 Bxd5 17. cxd5 axb4 18. Qxb4 {½-½ (35) Beliavsky,A (2537)-Sutovsky,E (2659) Batumi 2018}) 8... Bd7 {LiveBook: 3 Games} 9. Bd3 e5 10. d5 {White is slightly better.} Nd4 11. Nge2 Nh5 12. O-O $146 ({Predecessor:} 12. Bg5 Qe8 13. O-O f5 14. exf5 gxf5 15. Nxd4 exd4 {1-0 (55) Georgescu,T (2470)-Sandu,M (2249) Arad 2017}) 12... b5 13. Bg5 f6 14. Be3 f5 15. cxb5 axb5 16. b4 Qb8 17. Bb1 {[%cal Re2d4]} fxe4 18. Bxe4 {[%cal Re2d4]} Nf5 19. Bxf5 gxf5 20. f4 Ra3 21. Rc2 Nf6 22. fxe5 dxe5 23. Bc5 Rf7 24. Ng3 f4 25. Nge4 Nxe4 26. Nxe4 Bf5 27. Qe2 Qa8 28. Rd2 Bxe4 29. Qxe4 Rxa2 30. Rd3 Ra1 31. Rdd1 Rxd1 32. Rxd1 Qa4 33. Re1 Qa2 34. d6 Qc4 (34... cxd6 $11 {remains equal.} 35. Bxd6 Qd2) 35. dxc7 $16 Rxc7 36. Qa8+ Kf7 37. Qd8 {[%mdl 1024] White has strong compensation.} Rb7 38. Rd1 {Black must now prevent h4.} Qe6 ({Black should play} 38... Bf6 $14 39. Qa8 Rc7) 39. h3 (39. Rd6 $16 Qf5 40. h3) 39... Bf6 $1 $11 {[%cal Rf6d8]} 40. Qf8+ Kg6 $132 {[%mdl 2048] Black puts up resistance} 41. Rd6 Qf7 42. Qc8 {[#] Hoping for Qg4+.} Kg7 43. Qc6 Rc7 44. Qxb5 Be7 45. Rd2 Qb3 $2 {[%mdl 8192] [#]} (45... Qe6 $11) 46. Rd7 $18 Qc3 47. Rxc7 {Precision: White = 53%, Black = 47%.} 1-0

[Event "Bruges Masters 2018"]
[Site "Brugge"]
[Date "2018.08.16"]
[Round "3"]
[White "Turner, Matthew J"]
[Black "Gonzales, Jayson"]
[Result "1-0"]
[WhiteElo "2533"]
[BlackElo "2383"]
[Annotator "ChessBase"]
[PlyCount "135"]
[EventDate "2018.08.12"]
[EventType "swiss"]
[EventCountry "BEL"]
[SourceTitle "playchess.com"]
[Source "ChessBase"]
[SourceQuality "1"]
[TimeControl "5400+30"]

1. d4 {[%emt 0:00:00]} d5 {[%emt 0:00:37]} 2. Bg5 {[%emt 0:02:13]} Nc6 {[%emt 0:01:37]} 3. e3 {[%emt 0:00:57]} f6 {[%emt 0:00:14]} 4. Bh4 {[%emt 0:00:20]} e5 {[%emt 0:00:39]} 5. Bb5 {[%emt 0:04:18]} exd4 {[%emt 0:06:20]} 6. exd4 {[%emt 0:02:30]} Bd6 {[%emt 0:08:29]} 7. Qh5+ {[%emt 0:05:53]} Kf8 {[%emt 0:02:34]} 8. c3 {[%emt 0:04:54]} Nge7 {[%emt 0:00:22]} 9. Ne2 {[%emt 0:04:00]} Bf5 {[%emt 0:04:27]} 10. Bg3 {[%emt 0:06:40]} Qd7 {[%emt 0:02:10]} 11. Bxd6 {[%emt 0:00:46]} Qxd6 {[%emt 0:00:16]} 12. O-O {[%emt 0:04:07]} Bg6 {[%emt 0:04:46]} 13. Qf3 {[%emt 0:01:35]} Nd8 {[%emt 0:03:45]} 14. Bd3 {[%emt 0:03:37]} Ne6 {[%emt 0:00:39]} 15. h4 {[%emt 0:10:58]} Re8 {[%emt 0:06:31]} 16. Nd2 {[%emt 0:01:14]} c6 {[%emt 0:05:54]} 17. Rae1 {[%emt 0:05:18]} Kf7 {[%emt 0:07:05]} 18. g3 {[%emt 0:03:20]} Rhf8 {[%emt 0:13:10]} 19. Nc1 {[%emt 0:03:31]} Nc7 {[%emt 0:05:05]} 20. h5 {[%emt 0:01:02]} Bxd3 {[%emt 0:00:19]} 21. Nxd3 {[%emt 0:00:13]} Kg8 {[%emt 0:00:06]} 22. Qg4 {[%emt 0:05:16]} b6 {[%emt 0:03:34]} 23. Nf3 {[%emt 0:00:50]} Qd8 {[%emt 0:01:47]} 24. Nh4 {[%emt 0:08:45]} Qc8 {[%emt 0:00:56]} 25. Qf4 {[%emt 0:00:44]} Qd7 {[%emt 0:00:35]} 26. Re3 {[%emt 0:02:29]} Nb5 {[%emt 0:00:56]} 27. Rfe1 {[%emt 0:01:59]} Nd6 {[%emt 0:00:13]} 28. f3 {[%emt 0:00:45]} Nec8 {[%emt 0:03:34]} 29. g4 {[%emt 0:02:12]} Rxe3 {[%emt 0:02:46]} 30. Rxe3 {[%emt 0:00:06]} Nc4 {[%emt 0:02:36]} 31. Re2 {[%emt 0:00:38]} N8d6 {[%emt 0:01:08]} 32. Kf2 {[%emt 0:01:19]} Re8 {[%emt 0:02:42]} 33. Rxe8+ {[%emt 0:00:48]} Nxe8 {[%emt 0:00:03]} 34. Qb8 {[%emt 0:01:10]} Kf8 {[%emt 0:00:27]} 35. Nf5 {[%emt 0:00:47]} g6 {[%emt 0:03:07]} 36. hxg6 hxg6 {[%emt 0:00:01]} 37. Ne3 {[%emt 0:00:47]} Ncd6 {[%emt 0:00:23]} 38. Qa8 {[%emt 0:00:41]} a5 {[%emt 0:00:19]} 39. b4 {[%emt 0:01:41]} Qb7 {[%emt 0:00:33]} 40. Qxb7 Nxb7 {[%emt 0:00:01]} 41. b5 {[%emt 0:00:57]} cxb5 {[%emt 0:00:48]} 42. Nxd5 {[%emt 0:00:05]} Kf7 {[%emt 0:00:27]} 43. Nxb6 {[%emt 0:00:35]} Nc7 {[%emt 0:00:20]} 44. Nf4 {[%emt 0:01:08]} Nd6 {[%emt 0:00:30]} 45. Ke2 {[%emt 0:00:32]} g5 {[%emt 0:00:26]} 46. Nfd5 {[%emt 0:00:15]} Na6 {[%emt 0:00:06]} 47. Ne3 {[%emt 0:01:27]} Ke6 {[%emt 0:00:32]} 48. Kd3 {[%emt 0:00:14]} Nc7 {[%emt 0:00:47]} 49. a4 {[%emt 0:00:53]} f5 {[%emt 0:02:33]} 50. gxf5+ {[%emt 0:01:26]} Nxf5 {[%emt 0:00:02]} 51. d5+ {[%emt 0:00:26]} Ke5 {[%emt 0:00:38]} 52. Nxf5 {[%emt 0:00:09]} Kxf5 {[%emt 0:00:35]} 53. d6 {[%emt 0:00:05]} Ne6 {[%emt 0:00:31]} 54. axb5 {[%emt 0:00:10]} Kf4 {[%emt 0:00:14]} 55. Ke2 {[%emt 0:01:20]} Ke5 {[%emt 0:00:18]} 56. Nc4+ {[%emt 0:00:24]} Kd5 {[%emt 0:00:02]} 57. Nxa5 {[%emt 0:01:55]} Kxd6 {[%emt 0:00:18]} 58. b6 {[%emt 0:00:55]} Nf4+ {[%emt 0:01:45]} 59. Ke3 {[%emt 0:00:25]} Nd5+ {[%emt 0:02:59]} 60. Kd4 {[%emt 0:00:06]} Nf6 {[%emt 0:00:05]} 61. c4 {[%emt 0:00:50]} Nd7 {[%emt 0:00:14]} 62. Nb3 {[%emt 0:00:44]} Kc6 {[%emt 0:00:22]} 63. c5 {[%emt 0:00:05]} Nf6 {[%emt 0:00:29]} 64. Na5+ {[%emt 0:01:34]} Kd7 {[%emt 0:00:22]} 65. c6+ {[%emt 0:00:31]} Kd6 {[%emt 0:00:10]} 66. c7 {[%emt 0:00:10]} Kd7 {[%emt 0:00:20]} 67. Nc4 {[%emt 0:00:37]} Ne8 {[%emt 0:00:48]} 68. Ke4 {[%emt 0:07:39]} 1-0

[Event "Bruges Masters 2018"]
[Site "Brugge"]
[Date "2018.08.16"]
[Round "3"]
[White "Wan, Yunguo"]
[Black "Townsend, M Paul"]
[Result "1-0"]
[WhiteElo "2501"]
[BlackElo "2246"]
[Annotator "RC"]
[PlyCount "31"]
[EventDate "2018.08.12"]
[EventType "swiss"]
[EventCountry "BEL"]
[SourceTitle "playchess.com"]
[Source "ChessBase"]
[SourceQuality "1"]
[TimeControl "5400+30"]

1. e4 {[%emt 0:16:27]} g6 {[%emt 0:00:00]} 2. d4 {[%emt 0:00:50]} Bg7 {[%emt 0:00:00]} 3. Nc3 {[%emt 0:00:27]} d6 {[%emt 0:00:00]} 4. Bg5 {[%emt 0:02:19]} a6 {[%emt 0:00:25]} 5. f4 {[%emt 0:00:07]} b5 {[%emt 0:01:03]} 6. Nf3 {[%emt 0:00:05]} Nd7 {[%emt 0:00:22]} 7. Bd3 {[%emt 0:00:44]} c5 {[%emt 0:01:58]} 8. e5 {[%emt 0:07:51]} f6 {[%emt 0:14:06]} 9. Be4 {[%emt 0:06:49]} Rb8 {[%emt 0:06:47]} 10. Bh4 {[%emt 0:07:20]} Bb7 {[%emt 0:20:12]} 11. Bxb7 {[%emt 0:17:39]} Rxb7 {[%emt 0:00:18]} 12. Qe2 {[%emt 0:00:17]} dxe5 {[%emt 0:26:42]} 13. dxe5 {[%emt 0:01:47]} Nh6 {[%emt 0:00:45]} 14. O-O-O {[%emt 0:00:38]} Qb8 {[%emt 0:08:08]} 15. Nd5 {[%emt 0:09:13]} Nf5 {[%emt 0:01:35]} 16. exf6 {[%emt 0:01:01]} 1-0

[Event "Bruges Masters 2018"]
[Site "Brugge"]
[Date "2018.08.16"]
[Round "3"]
[White "Shyaamnikhil P"]
[Black "Van Foreest, Lucas"]
[Result "1-0"]
[WhiteElo "2389"]
[BlackElo "2488"]
[Annotator "ChessBase"]
[PlyCount "85"]
[EventDate "2018.08.12"]
[EventType "swiss"]
[EventCountry "BEL"]
[SourceTitle "playchess.com"]
[Source "ChessBase"]
[SourceQuality "1"]
[TimeControl "5400+30"]

1. g3 {[%emt 0:04:12]} c5 {[%emt 0:01:46]} 2. Bg2 {[%emt 0:00:55]} Nc6 {[%emt 0:00:12]} 3. e4 {[%emt 0:04:44]} e6 {[%emt 0:01:54]} 4. Ne2 {[%emt 0:04:23]} g6 {[%emt 0:00:13]} 5. d4 {[%emt 0:02:15]} cxd4 {[%emt 0:00:51]} 6. Nxd4 {[%emt 0:00:06]} Nge7 {[%emt 0:12:49]} 7. Nb5 {[%emt 0:04:56]} d5 {[%emt 0:01:39]} 8. exd5 {[%emt 0:03:08]} Nxd5 {[%emt 0:02:48]} 9. c4 {[%emt 0:03:28]} Nb6 {[%emt 0:04:47]} 10. Qxd8+ {[%emt 0:05:17]} Kxd8 {[%emt 0:00:03]} 11. N1a3 {[%emt 0:06:03]} Bb4+ {[%emt 0:02:52]} 12. Ke2 {[%emt 0:00:49]} Ke7 {[%emt 0:01:52]} 13. Be3 {[%emt 0:01:47]} Bd7 {[%emt 0:03:40]} 14. b3 {[%emt 0:03:23]} Nc8 {[%emt 0:12:06]} 15. Nc2 {[%emt 0:01:37]} Ba5 {[%emt 0:00:05]} 16. Rad1 {[%emt 0:14:14]} Rd8 {[%emt 0:04:16]} 17. Bc5+ {[%emt 0:03:40]} Kf6 {[%emt 0:01:03]} 18. b4 {[%emt 0:06:13]} Bb6 {[%emt 0:01:36]} 19. Nc3 {[%emt 0:05:40]} Bxc5 {[%emt 0:03:39]} 20. Ne4+ {[%emt 0:00:06]} Ke7 {[%emt 0:00:53]} 21. Nxc5 {[%emt 0:00:07]} Rb8 {[%emt 0:02:15]} 22. Nxd7 {[%emt 0:03:44]} Rxd7 {[%emt 0:00:04]} 23. c5 {[%emt 0:00:15]} a6 {[%emt 0:01:37]} 24. a3 {[%emt 0:04:03]} N8a7 {[%emt 0:00:16]} 25. Rxd7+ Kxd7 {[%emt 0:00:02]} 26. Ke3 {[%emt 0:05:55]} a5 {[%emt 0:03:01]} 27. Rd1+ {[%emt 0:00:10]} Kc7 {[%emt 0:00:18]} 28. Bf1 {[%emt 0:00:26]} axb4 {[%emt 0:01:47]} 29. axb4 {[%emt 0:00:07]} Ne7 {[%emt 0:00:25]} 30. b5 {[%emt 0:00:44]} Nac8 {[%emt 0:07:57]} 31. Nb4 {[%emt 0:01:01]} Nd5+ {[%emt 0:01:35]} 32. Nxd5+ {[%emt 0:00:48]} exd5 {[%emt 0:00:01]} 33. Rxd5 {[%emt 0:01:29]} Ne7 {[%emt 0:01:24]} 34. Rd2 {[%emt 0:01:02]} b6 {[%emt 0:00:27]} 35. Bh3 {[%emt 0:01:42]} f5 {[%emt 0:00:16]} 36. c6 {[%emt 0:01:42]} Rd8 {[%emt 0:00:01]} 37. Rxd8 Kxd8 {[%emt 0:00:02]} 38. Kd4 {[%emt 0:00:42]} Nc8 {[%emt 0:00:01]} 39. Ke5 {[%emt 0:00:36]} Ke7 {[%emt 0:00:01]} 40. g4 {[%emt 0:00:14]} Nd6 {[%emt 0:01:44]} 41. gxf5 {[%emt 0:00:10]} gxf5 {[%emt 0:01:10]} 42. c7 {[%emt 0:00:18]} Nc4+ {[%emt 0:01:47]} 43. Kd5 {[%emt 0:00:09]} 1-0

[Event "Bruges Masters 2018"]
[Site "Brugge"]
[Date "2018.08.16"]
[Round "3"]
[White "Mehar, Chinna Reddy C H"]
[Black "Zeng, Chongsheng"]
[Result "1/2-1/2"]
[WhiteElo "2345"]
[BlackElo "2539"]
[Annotator "ChessBase"]
[PlyCount "80"]
[EventDate "2018.08.12"]
[EventType "swiss"]
[EventCountry "BEL"]
[SourceTitle "playchess.com"]
[Source "ChessBase"]
[SourceQuality "1"]
[TimeControl "5400+30"]

1. d4 {[%emt 0:17:10]} Nf6 {[%emt 0:00:16]} 2. Bf4 {[%emt 0:00:26]} g6 {[%emt 0:00:40]} 3. Nc3 {[%emt 0:00:23]} d5 {[%emt 0:02:33]} 4. e3 {[%emt 0:00:33]} Bg7 {[%emt 0:01:14]} 5. h4 {[%emt 0:00:40]} h6 {[%emt 0:01:33]} 6. Be2 {[%emt 0:00:54]} c5 {[%emt 0:02:00]} 7. Nb5 {[%emt 0:02:07]} Na6 {[%emt 0:00:19]} 8. Nf3 {[%emt 0:02:38]} O-O {[%emt 0:08:52]} 9. Ne5 {[%emt 0:07:05]} Bd7 {[%emt 0:04:17]} 10. a4 {[%emt 0:04:00]} Ne4 {[%emt 0:04:23]} 11. O-O {[%emt 0:06:29]} Bxb5 {[%emt 0:04:01]} 12. axb5 {[%emt 0:00:13]} Nc7 {[%emt 0:00:12]} 13. f3 {[%emt 0:05:02]} Nd6 {[%emt 0:03:26]} 14. dxc5 {[%emt 0:00:55]} Nf5 {[%emt 0:00:36]} 15. c6 {[%emt 0:11:02]} b6 {[%emt 0:06:45]} 16. e4 {[%emt 0:01:36]} Ne6 {[%emt 0:05:45]} 17. exf5 {[%emt 0:02:05]} Nxf4 {[%emt 0:00:03]} 18. Nd7 {[%emt 0:02:38]} gxf5 {[%emt 0:08:32]} 19. Ra4 {[%emt 0:01:35]} d4 {[%emt 0:02:47]} 20. Bc4 {[%emt 0:04:30]} Re8 {[%emt 0:06:45]} 21. g3 {[%emt 0:04:20]} Nh5 {[%emt 0:00:40]} 22. Kg2 {[%emt 0:00:15]} e6 {[%emt 0:02:12]} 23. f4 {[%emt 0:02:40]} Nf6 {[%emt 0:00:12]} 24. Nxf6+ {[%emt 0:00:05]} Bxf6 {[%emt 0:00:35]} 25. Kh3 {[%emt 0:01:20]} Qc7 {[%emt 0:05:57]} 26. Qf3 {[%emt 0:00:11]} Kh7 {[%emt 0:01:53]} 27. Bd3 {[%emt 0:00:46]} Kg7 {[%emt 0:01:57]} 28. Rg1 {[%emt 0:02:25]} Rg8 {[%emt 0:01:12]} 29. g4 {[%emt 0:03:17]} Kf8 {[%emt 0:03:21]} 30. Raa1 {[%emt 0:00:08]} fxg4+ {[%emt 0:01:20]} 31. Rxg4 {[%emt 0:00:05]} Ke7 {[%emt 0:00:31]} 32. Rag1 {[%emt 0:01:08]} Rxg4 {[%emt 0:00:28]} 33. Rxg4 {[%emt 0:00:14]} Rf8 {[%emt 0:04:41]} 34. b3 {[%emt 0:03:18]} Qd6 {[%emt 0:00:30]} 35. Qe4 {[%emt 0:01:05]} Qc5 {[%emt 0:02:19]} 36. f5 {[%emt 0:01:14]} Kd6 {[%emt 0:01:03]} 37. fxe6 {[%emt 0:01:33]} fxe6 {[%emt 0:00:08]} 38. Qf4+ {[%emt 0:00:11]} Qe5 {[%emt 0:00:47]} 39. Qxe5+ {[%emt 0:00:10]} Bxe5 {[%emt 0:02:04]} 40. Rg6 {[%emt 0:00:34]} Rf6 {[%emt 0:13:11]} 1/2-1/2